000 00527nam a2200205Ia 4500
005 20241129110139.0
008 241129s9999||||xx |||||||||||||| ||und||
037 _aTB
040 _aARTS
_beng
_cARTS
041 _aeng
_2ara
084 _aO28:g Q4
_qARTS
100 _aAta Mustafa Au.
_9727394
245 0 _aAl-khulasa fi al-urooz wa al-qafiah
_cAta Mustafa Au.
260 _c2013
300 _a310p.
365 _aINR
_b960
650 _aArabic Literature
942 _cTB
_hO28:g Q4
999 _c1227479
_d1227479